| 000 | 02545nam a2200361 a 4500 | ||
|---|---|---|---|
| 001 | dia_1813 | ||
| 003 | CHAP | ||
| 005 | 20230704134823.0 | ||
| 007 | ta | ||
| 008 | 220117s1969 mx bdo fr 101 0 spa d | ||
| 010 | _a172351 | ||
| 040 |
_cCHAP _amxchpua |
||
| 050 | 1 | 0 |
_aSB190 _bM46 1969 |
| 082 | 0 | 0 |
_a631.568 _bM46 1969 _220 |
| 110 | 1 |
_aAlmacenes Nacionales de Depósito _9151637 |
|
| 245 | 1 | 0 |
_aMemoria sobre trabajos y estudios realizados en ANDSA sobre manejo, almacenamiento, conservación y certificación de calidad de productos almacenados / _cAlmacenes Nacionales de Depósito |
| 250 | _a1a edición | ||
| 264 |
_aMéxico : _bAlmacenes Nacionales de Depósito, _c1969 |
||
| 300 |
_a288 páginas : _bilustraciones, mapas, gráficas, tablas, fotos |
||
| 336 |
_atexto _btxt _2rdacontent |
||
| 337 |
_asin medio _bn _2rdamedia |
||
| 338 |
_avolumen _bnc _2rdacarrier |
||
| 504 | _aIncluye bibliografías | ||
| 505 |
_g1. _tAlmacenes Nacionales de depósito / _rJuan Salazar Thedaldi -- _g2. _tMuestreo y análisis de grano / _rJuan Saazar Thedaldi -- _g3. _tPrecauciones, seguridad y eficiencia con el uso de los fumigantes empleados por ANDSA en la conservación de cereales / _rManuel Gil G. y José Delgado S. -- _g4. _tEl efecto de los rayos gamma en algunas plagas de granos almacenados: observaciones generales / _rFelipe Romero R. -- _g5. _tEfectos de las radiaciones gamma en el gorgojo del arroz (Sitophilus Oryzae L.) : observaciones preliminares / _rFelipe Romero R., C. García M. y L. López Martínez de Alba -- _g6. _tProducción de aflatoxinas por algunos aislamientos de Aspergillus Flavus / _rMa. Elena Cobian de R., Cirio Arias Velázquez, Clayd M. Christensen y Ernesto Moreno -- _g7. _tLa microbiología del maíz almacenado en México / _rJose A. Herrera C., Manuel Gil G. y Jaime Arana M. -- _g8. _tAntibiosis del bacilo BHH frente a los hongos de almacén / _rJosé A. Herrera C. y Jaime Arana M. -- _g9. _tUtilización del medidor eléctrico Motomco modelo 919 para determinar el contenido de humedad en frijol / _rCirio Arias Velázquez y margarito Coronado M. -- _g10. _tTratamiento de costales con insecticidas / _rManuel Gil Gutiérrez |
||
| 650 |
_aGranos _xAlmacenamiento _xEquipo y accesorios _9151621 |
||
| 650 |
_aMaíz _xAlmacenamiento y conservación _9151622 |
||
| 650 |
_aProductos Agrícolas _xAlmacenamiento _991897 |
||
| 710 | 1 |
_9151637 _aAlmacenes Nacionales de Depósito |
|
| 901 | _a631.568 M46 1969 | ||
| 902 | _aM | ||
| 905 | _a0000001969 MEX 0010000000ESP00 | ||
| 942 |
_cLIBRO _2ddc |
||
| 999 |
_c172351 _d172351 |
||